Acid rain

Bibliographic Details
Main Author: Bright, M
Format: Book
Published: London : Gloucester Press , 1991
Series:World about us
Subjects:

MARC

LEADER 00000cam a2200000 7i4500
001 0000001266
002 000001395
005 20131021.0
020 |a 0749604956 
090 0 0 |a J 030   |b WOR 
100 1 |a Bright, M 
245 1 0 |a Acid rain   |c M.Bright 
260 |a London :   |b Gloucester Press ,   |c 1991 
300 |a 32p. ;   |c 22cm. 
490 0 |a World about us 
650 0 0 |a Acid rain   |x Juvenile literature 
999 |a 026768   |b BUKU   |c JUNIOR REFERENCE   |e PERPUSTAKAAN KOMUNITI CAW KOTA DAMANSARA 
999 |a 031003   |b BUKU   |c PINJAMAN   |e PERPUSTAKAAN KOMUNITI PETALING JAYA